[Event "BCF-ch Atkins op"]
[Site "Hull"]
[Date "2024.07.27"]
[Round "3"]
[White "Cowan, Richard M"]
[Black "Sharma, Josh"]
[Result "0-1"]
[WhiteElo "1918"]
[BlackElo "1818"]
[PlyCount "120"]
[EventDate "2024.07.26"]
[EventType "swiss"]
[EventRounds "5"]
[EventCountry "ENG"]
[SourceTitle "CBM 221 Extra"]
[Source "ChessBase"]
[SourceDate "2024.09.30"]
[SourceVersion "1"]
[SourceVersionDate "2024.09.30"]
[SourceQuality "1"]

1. e4 e5 2. Nf3 Nc6 3. Bb5 a6 4. Ba4 Nf6 5. Qe2 Bc5 6. c3 b5 7. Bb3 d6 8. 0-0 0-0 9. Rd1 Ba7 10. d4 Bg4 11. Bg5 exd4 12. Bd5 d3 13. Qxd3 Bxf3 14. Qxf3 Ne5 15. Qf5 Rb8 16. Na3 Qd7 17. Bxf6 Qxf5 18. exf5 gxf6 19. Nc2 c6 20. Bb3 d5 21. Nb4 a5 22. Nd3 Nxd3 23. Rxd3 Rfe8 24. Rg3+ Kf8 25. Kf1 Re5 26. Bc2 Rbe8 27. Bd3 b4 28. Rh3 Kg7 29. g4 c5 30. Bb5 Rb8 31. c4 d4 32. a3 Bb6 33. axb4 cxb4 34. Re1 Rd8 35. Rd3 Ra8 36. b3 Ra7 37. Rc1 Bc5 38. Rc2 Rae7 39. Kg2 h5 40. h3 h4 41. Kf3 Kh6 42. Bc6 Kg5 43. Rcd2 Rc7 44. Bb5 Rce7 45. Rxd4 Bxd4 46. Rxd4 Re1 47. Rd8 Rc1 48. Rg8+ Kh6 49. Ba4 Rc3+ 50. Kg2 Rc2 51. Rh8+ Kg5 52. Rh5+ Kf4 53. Rxh4 Ree2 54. g5+ Kxg5 55. Rg4+ Kxf5 56. Bd7+ Ke5 57. Bc6 f5 58. Rg7 Kf4 59. Rxf7 Rxf2+ 60. Kg1 Rfd2 0-1

[Event "BCF-chT3N 1920 (4NCL)"]
[Site "England"]
[Date "2019.11.10"]
[Round "2.55"]
[White "Adam, David W"]
[Black "Cowan, Richard M"]
[Result "0-1"]
[WhiteElo "1812"]
[BlackElo "1829"]
[PlyCount "114"]
[EventDate "2019.11.09"]
[EventType "team-swiss"]
[EventRounds "11"]
[EventCountry "ENG"]
[SourceTitle "EXT 2022"]
[Source "ChessBase"]
[SourceDate "2021.10.06"]
[SourceVersion "1"]
[SourceVersionDate "2021.10.06"]
[SourceQuality "1"]
[WhiteTeam "Bradford DCA Knights II"]
[BlackTeam "Jorvik"]
[WhiteTeamCountry "ENG"]
[BlackTeamCountry "ENG"]

1. c4 g6 2. Nc3 Bg7 3. g3 d6 4. Bg2 e5 5. d3 c6 6. e4 Ne7 7. Nge2 0-0 8. 0-0 Be6 9. Qc2 Nd7 10. b3 Rc8 11. Ba3 Qc7 12. Rad1 Nf6 13. h3 b5 14. Qd2 Qb8 15. Bb2 b4 16. Nb1 d5 17. g4 Rfd8 18. Ng3 dxc4 19. bxc4 Bxc4 20. Qe2 Bxa2 21. Nd2 c5 22. g5 Ne8 23. h4 Qb5 24. Nf3 Nc6 25. h5 Bb3 26. Rd2 Nc7 27. Bh3 Be6 28. Nf5 gxf5 29. exf5 Nd5 30. Qe4 Nf4 31. fxe6 Nxh3+ 32. Kh2 fxe6 33. Kxh3 Rd5 34. h6 Rf8 35. hxg7 Rf4 36. Qe3 Ne7 37. Nxe5 Rh4+ 38. Kg2 Nf5 39. Qe2 Qb7 40. f3 Qxg7 41. Ng4 e5 42. Bxe5 Rxg4+ 43. fxg4 Nh4+ 44. Kh3 Rxe5 45. Qf2 Ng6 46. Re2 Rxe2 47. Qxe2 Qe5 48. Qf3 Qxg5 49. Qf7+ Kh8 50. Qe8+ Kg7 51. Rf7+ Kh6 52. Qe4 Qe5 53. Qf3 a5 54. Rf5 Qe7 55. g5+ Kg7 56. Qf2 Qd7 57. Kg2 Qxf5 0-1

[Event "GBR-ch Major 106th"]
[Site "Torquay"]
[Date "2019.08.02"]
[Round "7"]
[White "Cowan, Richard M"]
[Black "Donnelly, Andrew J"]
[Result "0-1"]
[WhiteElo "1931"]
[BlackElo "1385"]
[PlyCount "67"]
[EventDate "2019.07.27"]
[EventType "swiss"]
[EventRounds "9"]
[EventCountry "ENG"]
[SourceTitle "EXT 2020"]
[Source "ChessBase"]
[SourceDate "2019.10.17"]
[SourceVersion "1"]
[SourceVersionDate "2019.10.17"]
[SourceQuality "1"]

1. Nf3 b5 2. e3 a6 3. a4 b4 4. c3 e6 5. d4 Bb7 6. Bd3 Nf6 7. 0-0 Be7 8. Nbd2 0-0 9. c4 c5 10. b3 d6 11. Bb2 Nbd7 12. Qc2 h6 13. Rad1 d5 14. Ne5 Qc7 15. f4 Nxe5 16. fxe5 dxc4 17. bxc4 Ng4 18. Rde1 Bg5 19. Nf3 Bxe3+ 20. Kh1 cxd4 21. Nxd4 Qxe5 22. Nf3 Qh5 23. h3 Bc5 24. Qe2 Ne3 25. Rf2 Rad8 26. Bc1 Nf5 27. Bxf5 Qxf5 28. Be3 Bxe3 29. Qxe3 Rd3 30. Qe5 Qg6 31. Nd2 Rxh3+ 32. Kg1 Rg3 33. Ne4 Rg4 34. Kf1 0-1

[Event "GBR-ch Major 106th"]
[Site "Torquay"]
[Date "2019.07.28"]
[Round "2"]
[White "May, Paul"]
[Black "Cowan, Richard M"]
[Result "1-0"]
[WhiteElo "1832"]
[BlackElo "1931"]
[PlyCount "91"]
[EventDate "2019.07.27"]
[EventType "swiss"]
[EventRounds "9"]
[EventCountry "ENG"]
[SourceTitle "EXT 2020"]
[Source "ChessBase"]
[SourceDate "2019.10.17"]
[SourceVersion "1"]
[SourceVersionDate "2019.10.17"]
[SourceQuality "1"]

1. d4 Nf6 2. c4 e6 3. Nc3 Bb4 4. f3 c5 5. d5 d6 6. e4 0-0 7. Nge2 a6 8. a3 Ba5 9. Bd2 b5 10. Ng3 Re8 11. Be2 b4 12. Na2 exd5 13. exd5 bxa3 14. bxa3 Nbd7 15. 0-0 Rb8 16. Qc2 Bxd2 17. Qxd2 h5 18. Nc3 Nf8 19. Bd3 Rb3 20. Bc2 Rb2 21. Bh7+ N8xh7 22. Qxb2 h4 23. Nge4 Nh5 24. Qb8 Nf4 25. Qxd6 g5 26. Qxd8 Rxd8 27. Nxc5 f5 28. Rab1 Nf8 29. Rb8 Kf7 30. Nb7 Rd7 31. Rxc8 Rxb7 32. Re1 Rb3 33. Rc7+ Kg8 34. Nd1 Nd3 35. Rf1 Rxa3 36. d6 Ne5 37. Re1 Nd3 38. Rf1 Ne5 39. c5 Rd3 40. Nb2 Rd2 41. Na4 Ne6 42. Re7 h3 43. gxh3 Nf4 44. Rxe5 Nxh3+ 45. Kh1 f4 46. Nb6 1-0

[Event "BCF-chT3N 1819 (4NCL)"]
[Site "England"]
[Date "2019.03.17"]
[Round "8.54"]
[White "Braham, Peter"]
[Black "Cowan, Richard M"]
[Result "1/2-1/2"]
[WhiteElo "1704"]
[BlackElo "1912"]
[PlyCount "108"]
[EventDate "2018.11.10"]
[EventType "team-swiss"]
[EventRounds "11"]
[EventCountry "ENG"]
[SourceTitle "EXT 2021"]
[Source "ChessBase"]
[SourceDate "2020.10.23"]
[SourceVersion "1"]
[SourceVersionDate "2020.10.23"]
[SourceQuality "1"]
[WhiteTeam "Bradford DCA Knights III"]
[BlackTeam "Jorvik"]
[WhiteTeamCountry "ENG"]
[BlackTeamCountry "ENG"]

1. e4 e6 2. d4 c5 3. Nf3 cxd4 4. Nxd4 Nf6 5. Nc3 Bb4 6. e5 Nd5 7. Bd2 Bxc3 8. bxc3 Qc7 9. Nb5 Qxe5+ 10. Be2 0-0 11. c4 Nf4 12. Bc3 Qxe2+ 13. Qxe2 Nxe2 14. Kxe2 Na6 15. Rhd1 b6 16. Be5 f6 17. Bd6 Rf7 18. Ba3 Nc5 19. Nd6 Re7 20. f3 Ba6 21. Kf2 Rd8 22. Rd2 e5 23. Ke3 Re6 24. Rad1 e4 25. f4 g6 26. Bxc5 bxc5 27. Rd5 Rb8 28. Rxc5 Rb6 29. Nb5 d6 30. Rcd5 Bxb5 31. cxb5 a6 32. a4 axb5 33. axb5 f5 34. Ra1 Re7 35. c4 Kf7 36. Ra6 Rxa6 37. bxa6 Ke6 38. Ra5 Ra7 39. h4 h5 40. Kd4 Kd7 41. c5 Kc6 42. cxd6 Kxd6 43. g4 hxg4 44. h5 g3 45. Ke3 Ke6 46. hxg6 Kf6 47. g7 Kxg7 48. Ke2 Kg6 49. Ra3 Kf6 50. Kf1 Ke6 51. Kg2 Kd5 52. Ra4 Kc5 53. Ra5+ Kd4 54. Kxg3 Ke3 1/2-1/2

[Event "BCF-chT3N 1819 (4NCL)"]
[Site "England"]
[Date "2019.03.16"]
[Round "7.34"]
[White "Cowan, Richard M"]
[Black "Reed, John"]
[Result "1-0"]
[WhiteElo "1912"]
[BlackElo "1990"]
[PlyCount "89"]
[EventDate "2018.11.10"]
[EventType "team-swiss"]
[EventRounds "11"]
[EventCountry "ENG"]
[SourceTitle "EXT 2021"]
[Source "ChessBase"]
[SourceDate "2020.10.23"]
[SourceVersion "1"]
[SourceVersionDate "2020.10.23"]
[SourceQuality "1"]
[WhiteTeam "Jorvik"]
[BlackTeam "Manchester Manticores II"]
[WhiteTeamCountry "ENG"]
[BlackTeamCountry "ENG"]

1. e4 e5 2. Nf3 Nc6 3. Bb5 a6 4. Ba4 d6 5. c3 Bd7 6. 0-0 Nf6 7. Re1 g6 8. d4 b5 9. Bb3 Bg7 10. a4 0-0 11. axb5 axb5 12. Rxa8 Qxa8 13. Na3 Qb8 14. Qd3 Na5 15. Ba2 c5 16. dxc5 dxc5 17. Bg5 c4 18. Qe3 Bc6 19. Bb1 Re8 20. h3 Qb7 21. Nd2 Nd7 22. Bh6 Bxh6 23. Qxh6 Nc5 24. Nf3 f6 25. Qe3 Nab3 26. Nd2 Nxd2 27. Qxd2 Qe7 28. Rd1 Nb7 29. Qe2 Rd8 30. Rxd8+ Qxd8 31. Nxc4 Kg7 32. Ne3 Nc5 33. f3 Qb6 34. Kh2 Ne6 35. Qd2 Nf4 36. Ba2 Qb8 37. g3 Nh5 38. Be6 f5 39. exf5 Bxf3 40. fxg6 hxg6 41. Qd7+ Kh6 42. Bg4 Qb6 43. Qd2 e4 44. Bxf3 exf3 45. Nd5+ 1-0

[Event "BCF-chT3N 1819 (4NCL)"]
[Site "England"]
[Date "2019.01.12"]
[Round "3.14"]
[White "Cowan, Richard M"]
[Black "Li, Harry"]
[Result "1/2-1/2"]
[WhiteElo "1912"]
[BlackElo "2058"]
[PlyCount "158"]
[EventDate "2018.11.10"]
[EventType "team-swiss"]
[EventRounds "11"]
[EventCountry "ENG"]
[SourceTitle "EXT 2021"]
[Source "ChessBase"]
[SourceDate "2020.10.23"]
[SourceVersion "1"]
[SourceVersionDate "2020.10.23"]
[SourceQuality "1"]
[WhiteTeam "Jorvik"]
[BlackTeam "White Rose II"]
[WhiteTeamCountry "ENG"]
[BlackTeamCountry "ENG"]

1. g3 d5 2. Bg2 Nf6 3. c4 e6 4. Nf3 Be7 5. 0-0 0-0 6. b3 a5 7. d3 c6 8. Nbd2 Nbd7 9. Bb2 a4 10. Rb1 b5 11. Nd4 Qb6 12. cxb5 cxb5 13. bxa4 Rxa4 14. Nxb5 Rb4 15. a4 Ba6 16. Bc3 Rxb1 17. Qxb1 Rb8 18. Nd4 Qc7 19. Qa1 Rc8 20. Bb2 Bb4 21. Rc1 Qb7 22. Rxc8+ Qxc8 23. N2f3 Qc5 24. Nb3 Qc7 25. Ne5 Qc2 26. Nd4 Qc5 27. Ndc6 Nxe5 28. Nxb4 Neg4 29. Qe1 Bb7 30. Bxf6 Nxf6 31. Qb1 Kf8 32. h3 Ke7 33. e3 Bc8 34. a5 Kd6 35. a6 Qb6 36. Qb2 Bxa6 37. Qa3 Bb5 38. Nxd5+ Qc5 39. Qxc5+ Kxc5 40. d4+ Kd6 41. Nxf6 gxf6 42. Be4 f5 43. Bc2 Bc6 44. f4 Kd5 45. Kf2 Kc4 46. g4 Kc3 47. Bb1 Kb2 48. Bd3 Kc3 49. Be2 fxg4 50. hxg4 h6 51. Bf3 Bb5 52. Be4 f6 53. f5 Bc4 54. Kf3 e5 55. dxe5 fxe5 56. f6 Bf7 57. Bc6 Kd2 58. e4 Kd3 59. Bd5 Bxd5 60. exd5 e4+ 61. Kf4 e3 62. d6 e2 63. d7 e1Q 64. d8Q+ Kc4 65. Qc7+ Kd5 66. Qb7+ Kd6 67. Qb6+ Kd5 68. Qb5+ Kd6 69. Qd3+ Ke6 70. Qf5+ Kf7 71. Qh7+ Kxf6 72. Qxh6+ Kf7 73. Qh7+ Kf8 74. Qf5+ Kg7 75. Qe5+ Qxe5+ 76. Kxe5 Kg6 77. Kf4 Kf6 78. g5+ Kg6 79. Kg4 Kg7 1/2-1/2

[Event "London Classic op 10th"]
[Site "London"]
[Date "2018.12.09"]
[Round "1"]
[White "Cowan, Richard M"]
[Black "Abbas, Daniel Karim"]
[Result "0-1"]
[WhiteElo "1894"]
[BlackElo "2280"]
[PlyCount "50"]
[EventDate "2018.12.09"]
[EventType "swiss"]
[EventRounds "9"]
[EventCountry "ENG"]
[SourceTitle "CBM 187 Extra"]
[Source "ChessBase"]
[SourceDate "2018.11.04"]
[SourceVersion "1"]
[SourceVersionDate "2018.11.04"]
[SourceQuality "1"]

1. e4 c5 2. Nc3 a6 3. g3 b5 4. Bg2 Bb7 5. d3 e6 6. f4 d5 7. Qe2 Nc6 8. Nf3 Nd4 9. Nxd4 cxd4 10. Nd1 dxe4 11. dxe4 Rc8 12. 0-0 h5 13. f5 e5 14. h4 b4 15. b3 Nf6 16. Bg5 Qb6 17. Nf2 Rc3 18. Bxf6 gxf6 19. Kh2 Qc6 20. Rac1 Bh6 21. Qxh5 Rxg3 22. Qxh6 Rxg2+ 23. Kxg2 Rxh6 24. Rh1 Rh5 25. Kf1 d3 0-1

[Event "GBR-ch Major 105th"]
[Site "Hull"]
[Date "2018.08.02"]
[Round "6"]
[White "Cooper, John Grantley"]
[Black "Cowan, Richard M"]
[Result "0-1"]
[WhiteElo "2192"]
[BlackElo "1865"]
[PlyCount "94"]
[EventDate "2018.07.28"]
[EventType "swiss"]
[EventRounds "9"]
[EventCountry "ENG"]
[SourceTitle "CBM 185 Extra"]
[Source "ChessBase"]
[SourceDate "2018.07.29"]
[SourceVersion "1"]
[SourceVersionDate "2018.07.29"]
[SourceQuality "1"]

1. e4 c6 2. d4 d5 3. exd5 cxd5 4. c4 Nf6 5. Nc3 e6 6. Nf3 Bb4 7. cxd5 Qxd5 8. Bd3 0-0 9. 0-0 Qh5 10. Bg5 Nbd7 11. Ne4 Nxe4 12. Bxe4 h6 13. Qb3 Bd6 14. Bh4 Rb8 15. Rfe1 b5 16. h3 b4 17. Rac1 Bb7 18. g4 Qb5 19. a4 Qb6 20. Bxb7 Qxb7 21. Ne5 Bxe5 22. dxe5 Rfc8 23. Qe3 Nb6 24. b3 Nd5 25. Qe4 Rc3 26. Rb1 Rbc8 27. g5 hxg5 28. Bxg5 Rxh3 29. Qg2 Rh5 30. Rbc1 Rc3 31. Bf6 g6 32. Rxc3 bxc3 33. Qe4 Qb6 34. Rc1 Qb8 35. Kf1 Nxf6 36. exf6 Qxb3 37. Qc6 Kh7 38. Qxc3 Qxa4 39. Qc7 Qb5+ 40. Rc4 Qb1+ 41. Ke2 Qb2+ 42. Kf1 Qa1+ 43. Ke2 Re5+ 44. Kd2 Rd5+ 45. Kc2 Qxf6 46. f4 a5 47. Qb8 Qf5+ 0-1

[Event "GBR-ch Major 105th"]
[Site "Hull"]
[Date "2018.07.29"]
[Round "2"]
[White "Milewska, Agnieszka"]
[Black "Cowan, Richard M"]
[Result "0-1"]
[WhiteElo "1778"]
[BlackElo "1865"]
[PlyCount "82"]
[EventDate "2018.07.28"]
[EventType "swiss"]
[EventRounds "9"]
[EventCountry "ENG"]
[SourceTitle "CBM 185 Extra"]
[Source "ChessBase"]
[SourceDate "2018.07.29"]
[SourceVersion "1"]
[SourceVersionDate "2018.07.29"]
[SourceQuality "1"]

1. d4 Nf6 2. c4 Nc6 3. Nc3 e5 4. d5 Ne7 5. e4 Ng6 6. g3 Bc5 7. Bg2 0-0 8. a3 a5 9. Qf3 d6 10. h3 h6 11. Nge2 c6 12. 0-0 a4 13. Be3 cxd5 14. cxd5 b6 15. Rfc1 Nh7 16. Bxc5 bxc5 17. Qd3 Ng5 18. h4 Nh3+ 19. Bxh3 Bxh3 20. Kh2 Bc8 21. Kg2 f5 22. exf5 Bxf5 23. Qc4 Qf6 24. Rf1 Bc2 25. Qg4 Rab8 26. Ra2 Ne7 27. f3 Qf7 28. Qe6 Bb3 29. Qxd6 Bxa2 30. Nxa2 Nxd5 31. Qxc5 Rxb2 32. Nac1 e4 33. f4 Qf5 34. Kg1 Rd2 35. Nd4 Rc8 36. Qa7 Qh3 37. Nde2 Rc3 38. Qf2 Rf3 39. Qe1 Ne3 40. Rf2 Rxf2 41. Kxf2 Ng4+ 0-1

[Event "GBR-ch Major 105th"]
[Site "Hull"]
[Date "2018.07.28"]
[Round "1"]
[White "Cowan, Richard M"]
[Black "Ogunshola, Ben"]
[Result "0-1"]
[WhiteElo "1865"]
[BlackElo "2143"]
[PlyCount "64"]
[EventDate "2018.07.28"]
[EventType "swiss"]
[EventRounds "9"]
[EventCountry "ENG"]
[SourceTitle "CBM 185 Extra"]
[Source "ChessBase"]
[SourceDate "2018.07.29"]
[SourceVersion "1"]
[SourceVersionDate "2018.07.29"]
[SourceQuality "1"]

1. Nf3 Nf6 2. g3 g6 3. Bg2 Bg7 4. c4 0-0 5. 0-0 Nc6 6. d4 d6 7. d5 Na5 8. Na3 c5 9. Re1 Rb8 10. Qd3 a6 11. Rb1 b5 12. b3 Bd7 13. Bd2 Qc7 14. e4 Rb7 15. Nc2 Rfb8 16. Ne3 Ng4 17. Rbc1 Nxe3 18. Qxe3 bxc4 19. bxc4 Rb2 20. e5 Rxa2 21. exd6 exd6 22. Ng5 Rxd2 23. Qxd2 Nb3 24. Qf4 Bf5 25. Be4 h6 26. Nxf7 Qxf7 27. Qxd6 Rf8 28. Rc2 Nd4 29. Ra2 Bxe4 30. Rxe4 Qf5 31. Qf4 Qh3 32. Qh4 Nf3+ 0-1

[Event "BCF-chT3N 1718 (4NCL)"]
[Site "England"]
[Date "2018.03.18"]
[Round "8.54"]
[White "Cowan, Richard M"]
[Black "Turner, John M"]
[Result "1/2-1/2"]
[WhiteElo "1869"]
[BlackElo "2000"]
[PlyCount "55"]
[EventDate "2017.11.11"]
[EventType "team-swiss"]
[EventRounds "11"]
[EventCountry "ENG"]
[SourceTitle "EXT 2020"]
[Source "ChessBase"]
[SourceDate "2019.10.17"]
[SourceVersion "1"]
[SourceVersionDate "2019.10.17"]
[SourceQuality "1"]
[WhiteTeam "Jorvik"]
[BlackTeam "Holmes Chapel"]
[WhiteTeamCountry "ENG"]
[BlackTeamCountry "ENG"]

1. e4 d5 2. exd5 Qxd5 3. Nf3 Bg4 4. Be2 Nc6 5. 0-0 e6 6. h3 Bh5 7. Nc3 Qd7 8. a3 Nf6 9. Re1 Be7 10. b4 a6 11. Bb2 h6 12. b5 axb5 13. Nxb5 0-0 14. c4 Ne4 15. Ne5 Nxe5 16. Bxh5 Nxc4 17. Bxg7 Kxg7 18. Qg4+ Kh8 19. Qxe4 Qxb5 20. Be2 Ra4 21. Bd3 f5 22. Qxe6 Bg5 23. Rac1 Qb6 24. Qe7 Qc6 25. Qe5+ Bf6 26. Qf4 Bg5 27. Qe5+ Bf6 28. Qf4 1/2-1/2

[Event "BCF-chT3N 1718 (4NCL)"]
[Site "England"]
[Date "2017.11.11"]
[Round "1.65"]
[White "Potter, Steven"]
[Black "Cowan, Richard M"]
[Result "1/2-1/2"]
[WhiteElo "1842"]
[BlackElo "1869"]
[PlyCount "120"]
[EventDate "2017.11.11"]
[EventType "team-swiss"]
[EventRounds "11"]
[EventCountry "ENG"]
[SourceTitle "EXT 2020"]
[Source "ChessBase"]
[SourceDate "2019.10.17"]
[SourceVersion "1"]
[SourceVersionDate "2019.10.17"]
[SourceQuality "1"]
[WhiteTeam "Manchester Manticores III"]
[BlackTeam "Jorvik"]
[WhiteTeamCountry "ENG"]
[BlackTeamCountry "ENG"]

1. d4 Nf6 2. Bg5 d5 3. Bxf6 exf6 4. e3 c6 5. Bd3 Bd6 6. Nd2 0-0 7. Ngf3 Bg4 8. a3 b5 9. c3 Bh5 10. 0-0 Qc7 11. Qc2 Bg6 12. e4 Nd7 13. h3 Nb6 14. b3 Rac8 15. c4 bxc4 16. bxc4 Nxc4 17. Nxc4 dxc4 18. Qxc4 Qe7 19. e5 Bxd3 20. Qxd3 fxe5 21. dxe5 Bc5 22. a4 Rfd8 23. Qf5 g6 24. Qc2 Bb4 25. Rfd1 c5 26. Qc4 h6 27. h4 Qe6 28. Qc1 Rxd1+ 29. Qxd1 Bc3 30. Ra3 Bxe5 31. Re3 Qd6 32. Rd3 Qf6 33. h5 g5 34. Nxe5 Qxe5 35. Re3 Qc7 36. Qc2 c4 37. Rc3 Re8 38. Qc1 Re4 39. g3 Qe5 40. Kf1 Qd5 41. Re3 Rxe3 42. Qxe3 Qh1+ 43. Ke2 Qxh5+ 44. Kd2 Qg6 45. Kc3 Qb6 46. Qxb6 axb6 47. g4 f5 48. f3 Kf7 49. Kxc4 Kg6 50. Kb5 h5 51. gxh5+ Kxh5 52. Kxb6 g4 53. fxg4+ fxg4 54. a5 g3 55. a6 g2 56. a7 g1Q+ 57. Kb7 Qg7+ 58. Kb8 Qf8+ 59. Kb7 Qe7+ 60. Kb8 Qd8+ 1/2-1/2

[Event "EU-chT Railways USIC"]
[Site "Korenov"]
[Date "2017.10.11"]
[Round "2.5"]
[White "Cowan, Richard M"]
[Black "Boog, Stefan"]
[Result "1-0"]
[WhiteElo "1851"]
[BlackElo "1600"]
[PlyCount "47"]
[EventDate "2017.10.10"]
[EventType "team-tourn"]
[EventRounds "5"]
[EventCountry "CZE"]
[SourceTitle "CBM 181 Extra"]
[Source "ChessBase"]
[SourceDate "2017.12.12"]
[SourceVersion "1"]
[SourceVersionDate "2017.12.12"]
[SourceQuality "1"]
[WhiteTeam "Great Britain"]
[BlackTeam "Switzerland"]
[WhiteTeamCountry "GBR"]
[BlackTeamCountry "SUI"]

1. e4 Nf6 2. e5 Nd5 3. c4 Nf4 4. d4 Ng6 5. h4 e6 6. Nf3 b6 7. h5 Ne7 8. Bg5 h6 9. Bh4 d5 10. Nc3 g5 11. hxg6 fxg6 12. Qc2 Bg7 13. Bxe7 Qxe7 14. Qxg6+ Kd8 15. cxd5 exd5 16. Nxd5 Qf8 17. Bb5 Bf5 18. Qg3 c6 19. Ne3 Be4 20. Qh4+ Qe7 21. Qxe4 Qb4+ 22. Nd2 Qxb5 23. Nf5 Qxb2 24. Rb1 1-0

[Event "EU-chT Railways USIC"]
[Site "Korenov"]
[Date "2017.10.11"]
[Round "3.5"]
[White "Ruzicka, Zdenek"]
[Black "Cowan, Richard M"]
[Result "1-0"]
[WhiteElo "2191"]
[BlackElo "1851"]
[PlyCount "133"]
[EventDate "2017.10.10"]
[EventType "team-tourn"]
[EventRounds "5"]
[EventCountry "CZE"]
[SourceTitle "CBM 181 Extra"]
[Source "ChessBase"]
[SourceDate "2017.12.12"]
[SourceVersion "1"]
[SourceVersionDate "2017.12.12"]
[SourceQuality "1"]
[WhiteTeam "Czech Republic"]
[BlackTeam "Great Britain"]
[WhiteTeamCountry "CZE"]
[BlackTeamCountry "GBR"]

1. e4 c6 2. d4 d5 3. Nc3 dxe4 4. Nxe4 Bf5 5. Ng3 Bg6 6. h4 h6 7. Nf3 Nd7 8. h5 Bh7 9. Bd3 Bxd3 10. Qxd3 e6 11. Bd2 Ngf6 12. 0-0-0 Qc7 13. Kb1 0-0-0 14. c4 c5 15. Bc3 cxd4 16. Nxd4 Nc5 17. Qc2 a6 18. b4 Ncd7 19. c5 Nd5 20. Bd2 Ne5 21. Rhe1 Nc6 22. Qb2 Nxd4 23. Qxd4 Nf6 24. Qb2 Be7 25. Bc3 Rxd1+ 26. Rxd1 Rd8 27. Rxd8+ Qxd8 28. Qd2 Qxd2 29. Bxd2 Nd5 30. Kc2 Kd7 31. Kd3 f5 32. Kc4 b6 33. cxb6 Nxb6+ 34. Kb3 Kc6 35. Bc3 Bf8 36. Ne2 Nd5 37. Nd4+ Kd7 38. Bd2 Nf6 39. Ka4 Ne4 40. Be1 Nf6 41. Ka5 Nxh5 42. Kxa6 Nf4 43. b5 Bc5 44. Nb3 Bd6 45. f3 Nxg2 46. Bf2 h5 47. Nc5+ Ke7 48. b6 h4 49. Nb7 Bb8 50. Bc5+ Kf6 51. Bd6 f4 52. Bxb8 h3 53. Nd6 Ne1 54. Ne4+ Kf5 55. Bxf4 Nxf3 56. b7 Kxf4 57. Nf2 h2 58. b8Q+ e5 59. Qf8+ Kg3 60. Nh1+ Kg2 61. Qxg7+ Kxh1 62. Qg3 e4 63. Qf2 Ng1 64. Qe3 Kg2 65. Qxe4+ Nf3 66. Qg4+ Kf2 67. Qh3 1-0

[Event "EU-chT Railways USIC"]
[Site "Korenov"]
[Date "2017.10.10"]
[Round "1.5"]
[White "Haschka, Peter"]
[Black "Cowan, Richard M"]
[Result "0-1"]
[WhiteElo "1762"]
[BlackElo "1851"]
[PlyCount "46"]
[EventDate "2017.10.10"]
[EventType "team-tourn"]
[EventRounds "5"]
[EventCountry "CZE"]
[SourceTitle "CBM 181 Extra"]
[Source "ChessBase"]
[SourceDate "2017.12.12"]
[SourceVersion "1"]
[SourceVersionDate "2017.12.12"]
[SourceQuality "1"]
[WhiteTeam "Austria"]
[BlackTeam "Great Britain"]
[WhiteTeamCountry "AUT"]
[BlackTeamCountry "GBR"]

1. b4 e6 2. Bb2 Nf6 3. b5 a6 4. a4 Be7 5. c4 0-0 6. Nc3 d5 7. e3 c5 8. Nf3 b6 9. d3 Bb7 10. Be2 d4 11. exd4 cxd4 12. Na2 Bc5 13. 0-0 Re8 14. Nc1 e5 15. Nb3 Bd6 16. Nbd2 Nbd7 17. Nb3 axb5 18. axb5 Rxa1 19. Qxa1 Qc7 20. g3 h6 21. Qc1 Ba8 22. Rd1 Qb7 23. Ne1 Qh1# 0-1

[Event "GBR-ch Major 104th"]
[Site "Llandudno"]
[Date "2017.08.06"]
[Round "9"]
[White "Stoyanov, Viktor"]
[Black "Cowan, Richard M"]
[Result "1-0"]
[WhiteElo "1919"]
[BlackElo "1874"]
[PlyCount "67"]
[EventDate "2017.07.29"]
[EventType "swiss"]
[EventRounds "9"]
[EventCountry "WLS"]
[SourceTitle "CBM 179 Extra"]
[Source "ChessBase"]
[SourceDate "2017.08.23"]
[SourceVersion "1"]
[SourceVersionDate "2017.08.23"]
[SourceQuality "1"]

1. d4 Nf6 2. Bf4 e6 3. Nf3 b6 4. e3 Bb7 5. Be2 Be7 6. h3 c5 7. Nbd2 cxd4 8. exd4 0-0 9. 0-0 Nc6 10. c3 Rc8 11. Re1 a6 12. a4 Re8 13. Bf1 h6 14. Nc4 d6 15. Qb3 Nd5 16. Bh2 Bf8 17. Nfd2 f5 18. Ne3 Na5 19. Qa2 Qg5 20. Rad1 Nf4 21. Bxf4 Qxf4 22. d5 Qg5 23. b4 f4 24. dxe6 Kh8 25. Ng4 h5 26. Nh2 Nc6 27. Ne4 Qg6 28. Nxd6 Bxd6 29. Rxd6 Nd8 30. f3 Rxc3 31. Qd2 Rc2 32. Qd3 Rxg2+ 33. Bxg2 Qg3 34. Re2 1-0

[Event "GBR-ch Major 104th"]
[Site "Llandudno"]
[Date "2017.07.31"]
[Round "3"]
[White "Tozer, Philip AA"]
[Black "Cowan, Richard M"]
[Result "1-0"]
[WhiteElo "2141"]
[BlackElo "1874"]
[PlyCount "69"]
[EventDate "2017.07.29"]
[EventType "swiss"]
[EventRounds "9"]
[EventCountry "WLS"]
[SourceTitle "CBM 179 Extra"]
[Source "ChessBase"]
[SourceDate "2017.08.23"]
[SourceVersion "1"]
[SourceVersionDate "2017.08.23"]
[SourceQuality "1"]

1. c4 g6 2. g3 Bg7 3. Nc3 e5 4. e4 Ne7 5. Bg2 0-0 6. Nge2 d6 7. 0-0 c6 8. d3 Nd7 9. Be3 f5 10. Qd2 Rf7 11. Rad1 Qf8 12. f4 Nf6 13. h3 Be6 14. b3 a6 15. c5 Qb8 16. cxd6 Qxd6 17. fxe5 Qxe5 18. d4 Qc7 19. d5 cxd5 20. exd5 Nexd5 21. Nxd5 Nxd5 22. Bxd5 Bxd5 23. Qxd5 Re8 24. Rf3 Qc2 25. Rd2 Qb1+ 26. Rf1 Qe4 27. Qxe4 Rxe4 28. Kf2 Rfe7 29. Bf4 a5 30. Rc1 a4 31. Nc3 axb3 32. Nxe4 b2 33. Rc8+ Kf7 34. Ng5+ Kf6 35. Rd6+ 1-0

[Event "BCF-chT3N 1617 (4NCL)"]
[Site "England"]
[Date "2017.01.15"]
[Round "4.204"]
[White "Cowan, Richard M"]
[Black "Gardiner, Eric D"]
[Result "1/2-1/2"]
[WhiteElo "1892"]
[BlackElo "1936"]
[PlyCount "103"]
[EventDate "2016.11.26"]
[EventType "team-swiss"]
[EventRounds "11"]
[EventCountry "ENG"]
[SourceTitle "EXT 2019"]
[Source "ChessBase"]
[SourceDate "2018.10.10"]
[SourceVersion "1"]
[SourceVersionDate "2018.10.10"]
[SourceQuality "1"]
[WhiteTeam "Jorvik"]
[BlackTeam "Bradford DCA Knights II"]
[WhiteTeamCountry "ENG"]
[BlackTeamCountry "ENG"]

1. Nf3 d6 2. c4 e5 3. Nc3 f5 4. e4 Nf6 5. exf5 Bxf5 6. d4 Nbd7 7. dxe5 dxe5 8. Be2 Bc5 9. Bg5 0-0 10. 0-0 Qe8 11. Qd2 c6 12. Rad1 h6 13. Be3 Bb4 14. Qc2 Ng4 15. Bd2 Qe7 16. h3 Ngf6 17. a3 Bxc3 18. Qxc3 Ne4 19. Qb4 Ndc5 20. Be3 a5 21. Bxc5 Nxc5 22. Qc3 e4 23. Qe3 Rae8 24. Nd4 Bg6 25. b4 axb4 26. axb4 Nd3 27. b5 c5 28. Nc2 Nf4 29. Rfe1 Qg5 30. Bf1 Rd8 31. Rxd8 Rxd8 32. h4 Qe5 33. Qg3 Bh7 34. Ne3 Nd3 35. Qxe5 Nxe5 36. Ra1 Rd2 37. Ra8+ Kf7 38. Rb8 Rd7 39. Be2 Ke7 40. Nd5+ Kd6 41. Rf8 Bg6 42. Kf1 Bf7 43. Nb6 Rc7 44. Rd8+ Ke7 45. Rd1 Nd7 46. Nd5+ Bxd5 47. Rxd5 Nf6 48. Rd1 Ke6 49. Ke1 Ke5 50. Rd8 Rd7 51. Rc8 Kd4 52. Kd2 1/2-1/2